All cities in the Monza-Brianza province - Statistics

General Stats
  • This quiz has been taken 79 times
  • The average score is 31 of 55
Answer Stats
Position City Population % Correct
1 Monza 124.840
100%
2 Lissone 46.034
92%
3 Seregno 45.130
84%
4 Desio 41.748
80%
23 Biassono 12.089
76%
15 Carate Brianza 17.664
76%
21 Villasanta 14.010
76%
9 Vimercate 25.959
76%
20 Agrate Brianza 15.244
74%
14 Arcore 17.876
74%
10 Muggiò 23.656
74%
33 Vedano al Lambro 7.475
74%
6 Brugherio 34.908
72%
8 Giussano 26.013
68%
31 Sovico 8.316
68%
5 Cesano Maderno 38.060
66%
35 Macherio 7.435
66%
19 Besana in Brianza 15.487
64%
26 Usmate Velate 10.371
64%
29 Lesmo 8.534
62%
11 Nova Milanese 23.317
62%
12 Seveso 23.274
62%
27 Verano Brianza 9.089
62%
7 Limbiate 34.319
60%
13 Meda 23.034
60%
41 Albiate 6.328
58%
18 Concorezzo 15.735
58%
42 Briosco 6.066
54%
39 Busnago 6.729
54%
28 Triuggio 8.671
52%
34 Carnate 7.470
50%
25 Cornate d'Adda 10.598
50%
37 Bellusco 7.352
48%
17 Lentate sul Seveso 15.872
48%
49 Veduggio con Colzano 4.317
48%
55 Aicurzio 2.105
46%
24 Bernareggio 11.144
44%
54 Camparada 2.144
44%
50 Burago di Molgora 4.260
42%
53 Correzzana 2.995
42%
43 Misinto 5.578
42%
51 Renate 4.063
42%
52 Ronco Briantino 3.495
42%
22 Varedo 13.562
42%
38 Barlassina 6.879
40%
36 Cavenago di Brianza 7.352
38%
44 Ornago 5.187
38%
40 Ceriano Laghetto 6.571
36%
16 Bovisio-Masciago 16.947
34%
47 Mezzago 4.430
34%
48 Sulbiate 4.328
34%
45 Caponago 5.155
32%
46 Roncello 4.740
32%
32 Lazzate 7.740
28%
30 Cogliate 8.498
22%
No matching quizzes found
Score Distribution
Percent of People with Each Score
Percentile by Number Answered
Your Score History
You have not taken this quiz